000 01246cab a22003015a 4500
001 L137080
008 070313e2007 xxk 000 0 eng d
035 _a(Sirsi) u137080
041 _aeng
100 1 _aRussell, Paul
245 0 0 _aTo rate or not to rate?
260 _c2007
490 0 _aInsight
_vMarch 2007, 22-23(2)
520 _aDiscusses whether unoccupied, newly constructed and redeveloped herediments should be entered into the rating list. Discusses the basis for ratings and provides summaries of relevant legal cases.
590 _aKA
650 2 4 _aRAVENSCROFT PROPERTIES LTD V LEWISHAM LBC
650 2 4 _aPOST OFFICE V NOTTINGHAM CITY COUNCIL
650 2 4 _aJGL INVESTMENTS LTD V SANDWELL DC
650 2 4 _aLONDON MERCHANT SECURITIES V ISLINGTON BOROUGH COUNCIL
650 2 4 _aDRAKE INVESTMENT LTD V LEWISHAM LBC
650 2 4 _aCAMDEN LBC V CIVIL AVIATION AUTHORITY AND LANGFORD
650 2 4 _aGRAYLAW INVESTMENT LTD V IPSWICH BC
650 2 4 _aWATFORD BC V PARCOURT PROPERTY INVESTMENT COMPANY LTD
651 4 _aEngland and Wales
_y1543-
690 _aPROPERTY-RESIDENTIAL PROPERTY-RESIDENTIAL PROPERTY TAXATION
690 _aPROPERTY-COMMERCIAL PROPERTY-COMMERCIAL PROPERTY TAXATION-BUSINESS RATES
942 _n0
999 _c78538
_d78538